MDQL
is popping MORE tags! Check the
thread
!
Quizzes
Events
Quiz Creation
Community
Videos
Private Events
Remove Ads
Sign In
Join for FREE
Feedback
Dark Mode
Quiz Categories
Sports
Geography
Music
Movies
Television
Just For Fun
Miscellaneous
History
Literature
Language
Science
Gaming
Entertainment
Religion
Holiday
For Kids
Quiz Lab
Recent
Popular Today
Quiz Kudos Today
Editor Picks
Curator Picks
Quizzes by...
Day
Popularity
Type
Ratings
Length
Year
Community
Subscriptions
Recent Discussions
Orange Saloon
Badges
Playlists
Quests
Create
Leaderboards
Showdown
Live 5
Trivia Bingo
Activity
Puzzle Library
Sporcle Events
Private Events
Virtual Trivia
Globe League
Become a Host
Pub Owners
SporcleCon
Opinionation
Our Games
Videos
Blog
Mobile Apps
Partnerships
Remove Ads and Go Orange
Feedback
Gaming
Video Games
Board Games
Card Games
Pokémon
Mario
Nintendo
Minecraft
Console
Toys
Legend of Zelda
Gaming
Video Games
Board Games
Card Games
Pokémon
Mario
Nintendo
Minecraft
Console
Toys
Legend of Zelda
Random Quiz
Search Sporcle
×
Quiz Lab
Quiz Lab
Gaming
Personality
Type in answers that appear in a list
Type in answers that appear in a list
Classic
Best Score? Go Orange.
MANA3335 PERSONALITY AND ATTITUDES - Chap3 & 4 Stats
Can you name the MANA3335 PERSONALITY AND ATTITUDES - Chap3 & 4?
By
laetipes
20m
26 Questions
1 Play
1 Plays
1 Plays
Comments
Comments
Give Quiz Kudos
Give Quiz Kudos
-
- Ratings
hide this ad
Replay
Link that replays current quiz
Next Quiz
Link to next quiz in quiz playlist
You Got
0%
They Got
Avg Score
3%
Avg Friend Score
Upgrade to see
Score Distribution
Jump to the score distribution portion of the page
Score
0/26
Timer
20:00
0
Plays Today
question
answer
% Correct
unique and relatively stable pattern of behavior, thoughts, and emotions shown by individuals
personality
100%
the way in which factors such as skills,abilities, personalities, perceptions, attitudes, values and ethics differ from one individual to another
individual differences
0%
age, gender, tenure, marital status are the 4 types of
biographical characteristics
0%
locus of control, self-
efficacy, self-
esteem and self monitoring are the 4 components of
personality attributes
0%
what are the 4 biographical characteristics
age gender tenure marital status
0%
in personality attributes, 'i control what happens to me' is an example of _
_
_
_
_
locus of control
internal
0%
in personality attributes 'people and circumstances control my fate' is an example of _
_
_
_
_
_
locus of control
external
0%
list the 5 personality traits
extraversion agreableness conscientiousness emotional stability openness to experience
0%
the myers-
briggs type indicator (MBTI) is based on _
_
_
_
_
_
_
_
's theories
carl jung
0%
'people are fundamentally alike but are also different, human similarities/
differences understood by combining preferences, no preferences better than others are theories of _
_
_
MBTI
0%
what preferences are explaned by 'how one re-
energizes' in the MBTI preferences
extraversion introversion
0%
what represents 'how one gathers information' in the MBTI preferences?
sensing intuiting
0%
what preferences are defined by ' how one makes decisions' in the MBTI theories ?
thinking feeling
0%
question
answer
% Correct
how one orients the outer words is the description of the _
_
_
_
_
& _
_
_
_
preferences in the MBTI theories
judging perceiving
0%
_
_
_
_
_
, _
_
_
_
_
_
_
_
_
_
_
and cognition are the 3 components of the ABC model
affect behavioral intentions
0%
The _
_
_
_
attitude of the ABC model is measured by physiological indicators and verbal statements about feelings such as ' I don't like my boss'
affect
0%
'I wan't to transfer to another department is an example of a _
_
_
_
_
intention attitude in the ABC model
behavioral
0%
Which attitude is measured by the attitude scales and verbal statments about beliefs such as ' I believe my boss plays favorites at work'
cognition
0%
attitudes are formed from _
_
_
_
_
experience and _
_
_
_
learning
direct social
0%
a pleasure or positive emotional state resulting from the appraisal of one's job or job experiences
job satisfaction
0%
a production worker is a _
_
_
_
_
_
worker but a happy worker is not necessary a _
_
_
_
_
worker
happy productive
0%
strength of an individual's identification with an organization
organizational commitment
0%
_
_
_
_
_
_
is the agreement with organization
affective
0%
the _
_
_
_
_
organizational commitment is the lack of options
continuance
0%
the _
_
_
_
_
strength of organizational commitment is the social pressure to remain
normative
0%
0%
Quiz Playlist
Details
Report
Send in Message
Add To Playlist
Classic:
Type in answers that appear in a list
Last Updated: Feb 16, 2017
Quiz Scoreboard
CHALLENGE
Sign Up to Join the Scoreboard
Show All
Scores
Hide
Comments
May contain spoilers
Recently Published
Colored Red Africa Blitz
by spor1
Geography
30s
Find the 'City' Movie
by crazypaving
Movies
60s
5x2 Blitz: Bands
by SL_Kpop136
Music
30s
More to Explore
Quiz From the Vault
Featured Blog Post
14 Easter Pick-up Lines to Find Eggs With
hide this ad
You Might Also Like...
Tags
attitude
Perception
Personality
Today's Top Quizzes in Gaming
Browse Gaming
hide this ad
Today's Top Quizzes in Personality
Browse Personality
Top Contributed Quizzes in Gaming
1
Dead By Daylight Logic Puzzle
2
League of Legends Pro Players by Career/Team History
3
Destiny 2 exotic weapons by perk icons
4
Genshin Impact Logic Puzzle
5
Overwatch 2: Ultimate Ability Icons
6
Genshin Impact Logic Puzzle Quiz II
7
Windmill: Elements
8
Overwatch Logic Puzzle
9
Genshin Impact Logic Puzzle Quiz
10
Genshin murder mystery
Explore More
Trending Topics
Disney
Harry Potter
Anime
Marvel
Crossword
Kpop
NBA
WWE
The Office
Country
NFL
Soccer
Song
Puzzle
Pokémon
hide this ad
More By:
laetipes
Quiz
Plays
Rating
Category
Featured
Created
MANAGEMENT3335 - Chap15 - COMMUNICATION
15
Gaming
Nov 3, 2011
MANA3335 PERSONALITY AND ATTITUDES - Chap3 & 4
1
1.00
Gaming
Nov 17, 2011
Go to Creator's Profile
Score Distribution
Quiz Creator Spotlight
laetipes
Follow
Send a Message
Quizzes Created
-
Created Quiz Play Count
-
More By This Creator
Popular Quizzes Today
1
Find the 'City' Movie
2
Colored Red Africa Blitz
3
Find the US States - No Outlines Minefield
4
5x2 Blitz: Bands
5
The Countries of the World
6
Find the US States
7
US States
8
9x9 Crossword: Cartoon Network
More Gaming Quizzes
► Find the Handheld Video Game Systems
Editor's Pick
Trending Quizzes
Colored Red Europe Blitz I
Colored Red Africa Blitz II
Colored Red Europe Blitz II
Colored Red Africa Blitz III
Colored Red Europe Blitz III
Recently Updated
2024 March Madness Bracket
pecheneg
Famous TV Couples
Peacemaker
Champions League XIs: Real Madrid
pecheneg
Largest US Cities 1790-2010
pecheneg
Rides in Walt Disney World
pecheneg
Most Oscar Losses (Acting)
pecheneg
Beyoncé Albums
pecheneg
Leaping Animals
pecheneg
Reality TV Shows (A-Z)
bhenderson79
Rickey Henderson's Hall of Fame Teammates
pecheneg
Trending Topics
NBA
Anime
Marvel
Kpop
Disney
Crossword
Harry Potter
Puzzle
Pokémon
NFL
Country
Soccer
WWE
Song
The Office
Your Account Isn't Verified!
In order to create a playlist on Sporcle, you need to verify the email address you used during registration. Go to your
Sporcle Settings
to finish the process.
Report this User
Report this user for behavior that violates our
Community Guidelines
.
Details:
Send Report
Go to the Sporcle.com Mobile Site →
Comments